M et A aus Sicht einer Landesbank.

Úloha bánk pri akvizícii podniku. Ponuka poradenstva bánk v oblasti podnikových transakcií a pri akvizičných projektoch. Financovanie akvizícií bankami. Priama účasť bánk vo veľkých a stredných priemyslových podnikoch. Predpoklady pre účasť a orientácia renditných očakávaní. Ďalšie motívy účasti cez...

Descrizione completa

Salvato in:
Dettagli Bibliografici
Autore principale: Neuber, F.
Natura: Capitolo di libro
Lingua:tedesco
Soggetti:
Tags: Aggiungi Tag
Nessun Tag, puoi essere il primo ad aggiungerne!!

MARC

LEADER 00000naa a2200000 4500
001 r013616
005 20221213085401.0
041 0 |a ger 
044 |a DE 
245 1 0 |a M et A aus Sicht einer Landesbank.  |c F. Neuber 
520 |a Úloha bánk pri akvizícii podniku. Ponuka poradenstva bánk v oblasti podnikových transakcií a pri akvizičných projektoch. Financovanie akvizícií bankami. Priama účasť bánk vo veľkých a stredných priemyslových podnikoch. Predpoklady pre účasť a orientácia renditných očakávaní. Ďalšie motívy účasti cez verejné zakázky. 
610 2 0 |a banky 
610 2 0 |a poradenstvo 
610 2 0 |a akvizícia 
610 2 0 |a objednávky 
610 2 0 |a podnik 
610 2 0 |a banka-podnik 
610 2 0 |a rendita 
610 2 0 |a fúzie 
100 1 |a Neuber, F.